书目信息 |
| 题名: |
蒸发器工艺设计计算及应用
|
|
| 作者: | 刘殿宇 著 | |
| 分册: | ||
| 出版信息: | 北京 化学工业出版社 2020.11 |
|
| 页数: | 335页 | |
| 开本: | 26cm | |
| 丛书名: | ||
| 单 册: | ||
| 中图分类: | TQ051.6 | |
| 科图分类: | ||
| 主题词: | 蒸发器--工艺设计 | |
| 电子资源: | ||
| ISBN: | 978-7-122-37100-3 | |
| 000 | 00874nam0 2200241 45 | |
| 001 | 012001002513 | |
| 005 | 20140914131709.0 | |
| 010 | @a978-7-122-37100-3@dCNY128.00 | |
| 100 | @a20201214d2020 em y0chiy50 ea | |
| 101 | 0 | @achi |
| 102 | @aCN@b110000 | |
| 105 | @aak az 000yy | |
| 106 | @ar | |
| 200 | 1 | @a蒸发器工艺设计计算及应用@Azheng fa qi gong yi she ji ji suan ji ying yong@b专著@f刘殿宇著 |
| 210 | @a北京@c化学工业出版社@d2020.11 | |
| 215 | @a335页@c图@d26cm | |
| 320 | @a有书目 | |
| 330 | @a本书在介绍蒸发器设计理念的同时,围绕蒸发器的设计及应用中容易出现的问题结合作者多年设计经验,通过通过大量的设计实例及相关的计算,展现给读者如何选择使用蒸发器,以及在各领域中蒸发器设计需要考虑的影响因素。 | |
| 606 | 0 | @a蒸发器@x工艺设计 |
| 690 | @aTQ051.6@v5 | |
| 701 | 0 | @a刘殿宇@Aliu dian yu@4著 |
| 801 | 2 | @aCN@bBJSDL@c20211018 |
| 905 | @b1344176-9@dTQ051.6@e600@f4 | |
| 蒸发器工艺设计计算及应用/刘殿宇著.-北京:化学工业出版社,2020.11 |
| 335页:图;26cm |
| ISBN 978-7-122-37100-3:CNY128.00 |
| 本书在介绍蒸发器设计理念的同时,围绕蒸发器的设计及应用中容易出现的问题结合作者多年设计经验,通过通过大量的设计实例及相关的计算,展现给读者如何选择使用蒸发器,以及在各领域中蒸发器设计需要考虑的影响因素。 |
| ● |
| 相关链接 |
|
|
|
|
正题名:蒸发器工艺设计计算及应用
索取号:TQ051.6/600
 
预约/预借
| 序号 | 登录号 | 条形码 | 馆藏地/架位号 | 状态 | 备注 |
| 1 | 1344176 | 213441765 | 第二样本阅览室/ [索取号:TQ051.6/600] | 在馆 | |
| 2 | 1344177 | 213441774 | 第三借阅区/ [索取号:TQ051.6/600] | 在馆 | |
| 3 | 1344178 | 213441783 | 第三借阅区/ [索取号:TQ051.6/600] | 在馆 | |
| 4 | 1344179 | 213441792 | 第三借阅区/ [索取号:TQ051.6/600] | 在馆 |